000 00535cam a2200193ua 4500
001 6489
005 20260515114046.0
008 131216n ii |||gr||||Z||||||eng
040 _cMAIN
082 _a346.07
245 _aCommercial law and Industrial law
_cBy Arun kumar sen
260 _aCalcutta:
_bThe world press private ltd.,
_c1986.
300 _axx,140p.
653 _aCommerce
653 _aCommercial law and Industrial law
700 _aSen,Arun kumar,
_eAuthor.,
700 _aMitra,Jitendra kumar,
_eAuthor.
942 _cBK
999 _c5633
_d5633